Statistics for Billie Eilish Songs

Click here to take the quiz!

General Stats

  • This quiz has been taken 17 times
    (16 since last reset)
  • The average score is 37 of 53

Answer Stats

HintAnswer% Correct
WWAFAWDWG?bad guy
93%
WWAFAWDWG?all the good girls go to hell
87%
HTEHappier Than Ever
87%
BarbieWhat Was I Made For?
87%
WWAFAWDWG?when the party's over
87%
WWAFAWDWG?you should see me in a crown
87%
DSAMbellyache
80%
HTEBillie Bossa Nova
80%
WWAFAWDWG?bury a friend
80%
DSAMidontwannabeyouanymore
80%
WWAFAWDWG?listen before i go
80%
SingleLovely
80%
DSAMocean eyes
80%
GSThe 30th
80%
WWAFAWDWG?wish you were gay
80%
WWAFAWDWG?8
73%
DSAMCOPYCAT
73%
HTEGetting Older
73%
HTEGOLDWING
73%
WWAFAWDWG?goodbye
73%
HTEI Didn't Change My Number
73%
WWAFAWDWG?i love you
73%
HTEMale Fantasy
73%
HTEmy future
73%
HTENDA
73%
HTEOverHeated
73%
HTEOxytocin
73%
SingleSix Feet Under
73%
HTETherefore I Am
73%
GSTV
73%
WWAFAWDWG?xanny
73%
HTEYour Power
73%
SingleBored
67%
Singlecome out and play
67%
Singleeverything i wanted
67%
HTEHalley's Comet
67%
DSAMhostage
67%
WWAFAWDWG?ilomilo
67%
HTELost Cause
67%
WWAFAWDWG?my strange addiction
67%
SingleNo Time To Die
67%
HTENot My Responsibility
67%
DSAMparty favor
67%
SingleWHEN I WAS OLDER
67%
DSAM&burn
60%
Singlebitches broken hearts
60%
HTEEverybody Dies
60%
DSAMmy boy
60%
DSAMwatch
60%
SingleLo Vas A Olvidar
53%
WWAFAWDWG?!!!!!!! (intro)
20%
Singlehotline (edit)
7%
SingleNever Felt So Alone (with Labrinth)
0%

Score Distribution

Percentile by Number Answered

Percent of People with Each Score

Your Score History

You have not taken this quiz since the last reset